<?xml version="1.0" encoding="UTF-8"?>
<record
    xmlns:xsi="http://www.w3.org/2001/XMLSchema-instance"
    xsi:schemaLocation="http://www.loc.gov/MARC21/slim http://www.loc.gov/standards/marcxml/schema/MARC21slim.xsd"
    xmlns="http://www.loc.gov/MARC21/slim">

  <leader>01215nam a22002417a 4500</leader>
  <datafield tag="999" ind1=" " ind2=" ">
    <subfield code="c">3018</subfield>
    <subfield code="d">3018</subfield>
  </datafield>
  <controlfield tag="005">20220428072154.0</controlfield>
  <controlfield tag="008">      s2509    th                  tha d</controlfield>
  <datafield tag="040" ind1=" " ind2=" ">
    <subfield code="a">NALT</subfield>
  </datafield>
  <datafield tag="041" ind1=" " ind2=" ">
    <subfield code="a">tha</subfield>
  </datafield>
  <datafield tag="050" ind1=" " ind2=" ">
    <subfield code="a">GT 23 </subfield>
    <subfield code="b">&#xE2A;4 2509</subfield>
  </datafield>
  <datafield tag="100" ind1="0" ind2=" ">
    <subfield code="a">&#xE2A;&#xE21;&#xE1E;&#xE07;&#xE29;&#xE4C; &#xE40;&#xE01;&#xE23;&#xE35;&#xE22;&#xE07;&#xE44;&#xE01;&#xE23;&#xE40;&#xE1E;&#xE0A;&#xE23;</subfield>
    <subfield code="9">26513</subfield>
  </datafield>
  <datafield tag="245" ind1="1" ind2="0">
    <subfield code="a">&#xE1B;&#xE23;&#xE30;&#xE40;&#xE1E;&#xE13;&#xE35;&#xE15;&#xE48;&#xE32;&#xE07;&#xE0A;&#xE32;&#xE15;&#xE34; &#xE41;&#xE25;&#xE30;&#xE40;&#xE23;&#xE37;&#xE48;&#xE2D;&#xE07;&#xE17;&#xE35;&#xE48;&#xE19;&#xE48;&#xE32;&#xE23;&#xE39;&#xE49; /</subfield>
    <subfield code="c">&#xE2A;&#xE21;&#xE1E;&#xE07;&#xE29;&#xE4C; &#xE40;&#xE01;&#xE23;&#xE35;&#xE22;&#xE07;&#xE44;&#xE01;&#xE23;&#xE40;&#xE1E;&#xE0A;&#xE23;.</subfield>
  </datafield>
  <datafield tag="260" ind1=" " ind2=" ">
    <subfield code="a">&#xE21;.&#xE1B;.&#xE17;. : </subfield>
    <subfield code="b">&#xE41;&#xE1E;&#xE23;&#xE48;&#xE1E;&#xE34;&#xE17;&#xE22;&#xE32;, </subfield>
    <subfield code="c">2509.</subfield>
  </datafield>
  <datafield tag="300" ind1=" " ind2=" ">
    <subfield code="a">544 &#xE2B;&#xE19;&#xE49;&#xE32;</subfield>
  </datafield>
  <datafield tag="650" ind1=" " ind2="4">
    <subfield code="a">&#xE04;&#xE27;&#xE32;&#xE21;&#xE40;&#xE1B;&#xE47;&#xE19;&#xE2D;&#xE22;&#xE39;&#xE48;&#xE41;&#xE25;&#xE30;&#xE1B;&#xE23;&#xE30;&#xE40;&#xE1E;&#xE13;&#xE35; </subfield>
    <subfield code="9">26514</subfield>
  </datafield>
  <datafield tag="650" ind1=" " ind2="0">
    <subfield code="a">&#xE1E;&#xE34;&#xE18;&#xE35;&#xE17;&#xE32;&#xE07;&#xE28;&#xE32;&#xE2A;&#xE19;&#xE32;&#xE41;&#xE25;&#xE30;&#xE1E;&#xE34;&#xE18;&#xE35;&#xE01;&#xE23;&#xE23;&#xE21;</subfield>
    <subfield code="9">14455</subfield>
  </datafield>
  <datafield tag="651" ind1=" " ind2="0">
    <subfield code="a">&#xE0D;&#xE35;&#xE48;&#xE1B;&#xE38;&#xE48;&#xE19;</subfield>
    <subfield code="x">&#xE04;&#xE27;&#xE32;&#xE21;&#xE40;&#xE1B;&#xE47;&#xE19;&#xE2D;&#xE22;&#xE39;&#xE48;&#xE41;&#xE25;&#xE30;&#xE1B;&#xE23;&#xE30;&#xE40;&#xE1E;&#xE13;&#xE35;</subfield>
    <subfield code="9">3858</subfield>
  </datafield>
  <datafield tag="651" ind1=" " ind2="4">
    <subfield code="9">17598</subfield>
    <subfield code="a">&#xE08;&#xE35;&#xE19; </subfield>
    <subfield code="x">&#xE04;&#xE27;&#xE32;&#xE21;&#xE40;&#xE1B;&#xE47;&#xE19;&#xE2D;&#xE22;&#xE39;&#xE48;&#xE41;&#xE25;&#xE30;&#xE1B;&#xE23;&#xE30;&#xE40;&#xE1E;&#xE13;&#xE35;</subfield>
  </datafield>
  <datafield tag="651" ind1=" " ind2="4">
    <subfield code="9">10842</subfield>
    <subfield code="a">&#xE2D;&#xE34;&#xE19;&#xE40;&#xE14;&#xE35;&#xE22; </subfield>
    <subfield code="x">&#xE04;&#xE27;&#xE32;&#xE21;&#xE40;&#xE1B;&#xE47;&#xE19;&#xE2D;&#xE22;&#xE39;&#xE48;&#xE41;&#xE25;&#xE30;&#xE1B;&#xE23;&#xE30;&#xE40;&#xE1E;&#xE13;&#xE35; </subfield>
  </datafield>
  <datafield tag="850" ind1=" " ind2=" ">
    <subfield code="a">NALT</subfield>
  </datafield>
  <datafield tag="942" ind1=" " ind2=" ">
    <subfield code="c">RRB</subfield>
    <subfield code="2">lcc</subfield>
  </datafield>
  <datafield tag="998" ind1=" " ind2=" ">
    <subfield code="j">1020</subfield>
    <subfield code="k"> &#xE08;&#xE33;&#xE40;&#xE23;&#xE35;&#xE22;&#xE07; &#xE23;&#xE30;&#xE27;&#xE31;&#xE07;&#xE2A;&#xE33;&#xE42;&#xE23;&#xE07;</subfield>
  </datafield>
  <datafield tag="952" ind1=" " ind2=" ">
    <subfield code="0">0</subfield>
    <subfield code="1">0</subfield>
    <subfield code="2">lcc</subfield>
    <subfield code="4">0</subfield>
    <subfield code="7">0</subfield>
    <subfield code="8">CRRB</subfield>
    <subfield code="a">NALT</subfield>
    <subfield code="b">NALT</subfield>
    <subfield code="l">0</subfield>
    <subfield code="o">GT 23 &#xE2A;4 2509</subfield>
    <subfield code="p">3961113240</subfield>
    <subfield code="r">2017-06-09 00:00:00</subfield>
    <subfield code="w">2017-06-09</subfield>
    <subfield code="y">RRB</subfield>
  </datafield>
</record>
